=LDR 00000nam 2200000 4500 =001 INLIS000000000031797 =005 20130612133840 =008 ***********************************ind** =035 ##$$0010-061300000031797 =041 ##$$a ind =082 ##$$a 345 =090 ##$$a R.345, Ind u =245 ##$$a Undang-undang Perlindungan Saksi dan Korban (UU RI no. 13 Th. 2006) =260 ##$$a 2006 $b Jakarta =300 ##$$a 78 hlm., 20 cm =650 ##$$a HUKUM PIDANA =850 ##$$a NBPNMAT